000 01714ngm a2200385 4500
003 dpl
005 20090313154659.0
007 DVD
008 ||||||sp199 xxu|||||c|||| 00| 0 eng d
010 _aDVD-001762-1763
024 _c299.00
035 _aDVD-001762-1763
040 _aDPL
_cDPL
082 _aDVD / DEVI
245 _aThe Devil Wears Prada /
_c Fox 2000 Pictures Presents
_h[videorecording] DVD/
260 _b20th Century Fox Home Entertainment
300 _a2 videodisc VCD;
_bsd., col. ;
_c4 3/4 in.
_fVCD
440 _a20th Centyry Fox Home Entertainment
500 _aSole Distributor in India M/s. Excel Productions Autio Visuals Pvt. Ltd.
500 _aA Devilshly Good Time and the Most Scrumptious Comedy of the Year.
500 _aThis DVD is Copy Protected
538 _aDolby Digital 5.1-English Subtitles: English
538 _aAspect Ratio: 1.85:1, Presentation type: Wide Screne, Presentation Size 16x9, Format DVD 9 Dual Layer Single Sided Disc.
650 _aMothin Picture
700 _aStreep, Meryl
700 _aHathway, Anne
700 _aTocci, Stanley
700 _aBaker, Simon
700 _aBlunt, Emily
700 _aGreniew, Adrian
942 _cCF
_2ddc
_hDVD
_mDEVI
999 _c25206
_d25206